Top-Vorlagengeber pro Saison - Statistiken

Allgemein
  • Dieses Quiz wurde 95 mal gespielt
  • Das Durchschnittsergebnis liegt bei 14 aus 25
Antwortstatistiken
Saison Anzahl Assists Nationalität Antwort % Korrekt
2017/18 16 Belgien / Deutschland Kevin De Bruyne / Thomas Müller
97%
2014/15 jeweils 21 Belgien / Argentinien / Frankreich Kevin De Bruyne / Lionel Messi / Dimitri Payet
96%
2010/11 21 Argentinien Lionel Messi
96%
2019/20 22 Argentinien Lionel Messi
96%
2020/21 21 Deutschland Thomas Müller
95%
2021/22 21 Deutschland Thomas Müller
95%
2008/09 23 Spanien Xavi
75%
2016/17 22 Schweden Emil Forsberg
62%
1998/99 15 Portugal Luis Figo
60%
2000/01 17 Portugal Luis Figo
60%
2013/14 18 Argentinien Ángel Di Maria
58%
2005/06 18 Brasilien Ronaldinho
58%
2009/10 18 Brasilien Ronaldinho
58%
2015/16 20 Armenien Henrikh Mkhitaryan
53%
2011/12 21 Frankreich Franck Ribéry
49%
2002/03 25 Frankreich Thierry Henry
49%
1997/98 jeweils 14 England / Bulgarien David Beckham / Krasimir Balakov
47%
2003/04 17 Portugal Deco
47%
2004/05 16 England Frank Lampard
40%
2018/19 jeweils 18 England / Portugal Jadon Sancho / Pizzi
34%
2007/08 20 Spanien Cesc Fabregas
19%
2012/13 18 Frankreich Dimitri Payet
19%
1999/00 16 Italien Francesco Totti
17%
2006/07 17 Portugal Quaresma
13%
2001/02 20 Portugal Joao Pinto
0%
Keine übereinstimmenden Quizze gefunden
Verteilung der Resultate
Anzahl Personen mit jedem Resultat
Perzentil nach korrekt beantworteten Fragen
Ihre Resultats-Entwicklung
Sie haben dieses Quiz noch nicht gespielt